000 00935cam a22003017a 4500
003 CHAP
005 20220329140957.0
008 971013s1962 us r 00010 eng d
010 _a60795
011 _a61767
035 _a65935
040 _cCHAP
082 _a547.78
_bW4
100 0 0 _aWhistler, Roy Lester
_eed.
_9121662
245 0 _aMethods in carbohydrate chemistry
_c/ed. by Roy L. Whistler and M.L. Wolfrom
260 _aNew York :
_bAcademic Press,
_c1962.
300 _av.
505 _aContenido: v.1 Analysis and preparation of sugars
590 _aBATCH-UPD
_b10
_c20130110
_lUCH01
_h0834
590 _aCONVERSION
_b10
_c20130109
_lUCH01
_h1333
650 1 4 _aCarbohidratos.
_918810
700 0 _aWhistler, Roy Lester
_eed.
_9121662
700 0 _aWolfrom, M.L.
_eed.
_9122460
901 _aBK
905 _aMayto Villalobos S.
942 _cLIBRO
949 _a547.78 W4
_bBC
_cC
_d33724000493227
_eC
_fv.1
_h10542
_i65935
_sb
999 _c60795
_d60795